| 000 | 00432 a2200169 4500 | ||
|---|---|---|---|
| 020 | _a9788131500026 | ||
| 022 | _a8131500020 | ||
| 082 | _a658.15 | ||
| 090 |
_c6724 _d6724 |
||
| 100 | _aBrigham,Eugene F. | ||
| 245 |
_aFundamentals of Financial Management. _cBrigham,Eugene F. |
||
| 250 | _a10th. | ||
| 260 |
_aNew Delhi. _bCengage Learning. _c2004. |
||
| 300 | _a831p. | ||
| 500 | _aPaper cover | ||
| 942 |
_aNBS _cBK _k658.15 BRI |
||
| 999 |
_c349074 _d349074 |
||